| Record ID | marc_records_scriblio_net/part17.dat:123548435:547 |
| Source | Scriblio |
| Download Link | /show-records/marc_records_scriblio_net/part17.dat:123548435:547?format=raw |
LEADER: 00547nam 2200193 a 4500
001 84169970 /HE
003 DLC
005 19850726000000.0
008 840605s1984 is 00011 hebr
010 $a 84169970 /HE
020 $a9651302437 (pbk.)
050 0 $aPJ5054.K355$bD47 1984
100 10 $aKenan, Amos,$d1927-
245 13 $aha-Derekh le-ʻEn Ḥarod /$cʻAmos Ḳenan.
260 0 $aTel Aviv :$bʻAm ʻoved,$c1984.
300 $a120 p. ;$c18 cm.
500 $aNovel.
500 $aTitle on verso t.p.: The road to Ein Harod.
740 01 $aRoad to Ein Harod.